| 000 | 00802nam a2200265Ia 4500 | ||
|---|---|---|---|
| 003 | OSt | ||
| 005 | 20220928115707.0 | ||
| 006 | a|||||r|||| 00| 0 | ||
| 007 | ta | ||
| 008 | 220927b |||||||| |||| 00| 0 eng d | ||
| 024 | _a41178 | ||
| 037 | _cTextual | ||
| 040 |
_aSDCL _cSDCL _beng |
||
| 041 |
_2eng _aeng |
||
| 082 | _aG11352:f3, P3 | ||
| 100 |
_aCasali Nicola Ed. _9445591 |
||
| 245 | 0 |
_aE.coli plasmid vector _b Methods and applications. |
|
| 260 |
_aTotowa _bHumana Press _c2003 |
||
| 300 |
_axi,316p. _ccm. |
||
| 490 | _aMethods in molecular biology. V235. | ||
| 650 |
_aPlasmids-Laboratory Manuals _9445592 |
||
| 700 |
_a Preston Andrew Ed. _9445593 |
||
| 942 |
_hG11352:f3, P3 _cTEXL _2CC |
||
| 999 |
_c760510 _d760510 |
||